<?xml version="1.0" encoding="UTF-8"?>
<record
    xmlns:xsi="http://www.w3.org/2001/XMLSchema-instance"
    xsi:schemaLocation="http://www.loc.gov/MARC21/slim http://www.loc.gov/standards/marcxml/schema/MARC21slim.xsd"
    xmlns="http://www.loc.gov/MARC21/slim">

  <leader>     nam a22     7a 4500</leader>
  <datafield tag="999" ind1=" " ind2=" ">
    <subfield code="c">48816</subfield>
    <subfield code="d">48816</subfield>
  </datafield>
  <controlfield tag="003">OSt</controlfield>
  <controlfield tag="005">20190904124459.0</controlfield>
  <controlfield tag="008">190904b        xxu||||| |||| 00| 0 eng d</controlfield>
  <datafield tag="040" ind1=" " ind2=" ">
    <subfield code="c">IIMT UNIVERSITY</subfield>
  </datafield>
  <datafield tag="100" ind1=" " ind2=" ">
    <subfield code="a">ANSARI S H</subfield>
  </datafield>
  <datafield tag="245" ind1=" " ind2=" ">
    <subfield code="a">ESSENTIALS OF PHARMACOGNOSY</subfield>
  </datafield>
  <datafield tag="260" ind1=" " ind2=" ">
    <subfield code="a">NEW DELHI</subfield>
    <subfield code="b">BIRAL PUB</subfield>
    <subfield code="c">2019</subfield>
  </datafield>
  <datafield tag="300" ind1=" " ind2=" ">
    <subfield code="a">784</subfield>
  </datafield>
  <datafield tag="942" ind1=" " ind2=" ">
    <subfield code="2">ddc</subfield>
    <subfield code="c">01</subfield>
  </datafield>
  <datafield tag="952" ind1=" " ind2=" ">
    <subfield code="0">0</subfield>
    <subfield code="1">0</subfield>
    <subfield code="2">ddc</subfield>
    <subfield code="4">0</subfield>
    <subfield code="7">0</subfield>
    <subfield code="a">27</subfield>
    <subfield code="b">27</subfield>
    <subfield code="d">2019-02-21</subfield>
    <subfield code="e">KIRTI PRAKASHAN</subfield>
    <subfield code="g">590.00</subfield>
    <subfield code="i">IN2849</subfield>
    <subfield code="l">1</subfield>
    <subfield code="p">27-B-491</subfield>
    <subfield code="r">2019-09-18</subfield>
    <subfield code="s">2019-09-18</subfield>
    <subfield code="w">2019-09-04</subfield>
    <subfield code="y">01</subfield>
    <subfield code="z">Reference Book (Rack-1)</subfield>
  </datafield>
</record>
